000 00723nam a22002057a 4500
003 OSt
005 20251028033939.0
008 251028b |||||||| |||| 00| 0 eng d
020 _a978-971-06-5778-0
040 _aDWCL - Main Lib
_cOC
082 _22nd
_aRes. 170 D182p 2022
100 _aJavier, Philip S. III
110 _aDango, Josephine C
245 _aPagpapakatao:
_bPaghuhubog ng pagkatao para sa pagtibay ng bansa /
_cPhilip S. Javier III
260 _aQuezon Avenue, Quezon City :
_bPhoenix Publishing House, Inc.
_cc2022
300 _axii , 204 pages :
_billustrations ;
_c25 cm.
650 _a1. Values Education
650 _a2. Values Education - study and teaching
942 _2ddc
_cBK-0 CIRC
_e2nd
_mRes.
_n0
999 _c5218
_d5218